Statystyki dla Przekraczanie granic #2

Kliknij tutaj aby rozwiązać quiz!

Ogólne statystyki

  • Ten quiz został rozwiązany 16 542 razy
  • Średni wynik to 18 z 24

Statystyki odpowiedzi

Zaczynasz w:KierunekPaństwo% Poprawnych
KanadaPołudnieStany Zjednoczone
100%
SzwecjaWschódFinlandia
92%
HiszpaniaZachódPortugalia
88%
AndoraPółnocFrancja
86%
Macedonia PółnocnaPołudnieGrecja
86%
IrakWschódIran
86%
Korea PółnocnaPołudnieKorea Południowa
84%
San MarinoDowolny kierunekWłochy
84%
JemenPółnocArabia Saudyjska
83%
HolandiaWschódNiemcy
82%
KazachstanPółnocRosja
81%
LiechtensteinZachódSzwajcaria
80%
Papua-Nowa GwineaZachódIndonezja
79%
TunezjaZachódAlgieria
77%
BhutanPołudnieIndie
73%
CzadPółnocLibia
73%
ParagwajPołudnieArgentyna
72%
EkwadorPołudniePeru
71%
KuwejtPołudnieArabia Saudyjska
67%
BangladeszPółnocIndie
65%
IzraelZachódEgipt
63%
GambiaDowolny kierunekSenegal
62%
PanamaWschódKolumbia
60%
TogoZachódGhana
52%

Rozkład punktacji

Percentyl według liczby udzielonych odpowiedzi

Procent ludzi z każdym wynikiem

Twoja historia wyników

Nie rozwiązałeś tego quizu